000 00914nam a2200265Ia 4500
001 1777
003 GE_BSU
008 181216s||||||||xx |||||||||||||| ||und||
020 _a97899411720
040 _cGE_BSU
080 _a514(075.8)
100 _aთოფურია, ს დ ასხვ.
245 _aმათმატიკა. ნ.2 გეომეტრია
245 _b(თეორია და ამოცანათა კრებული)
245 _cრედ.ს. თოფურია
250 _aმე–5 გადამ. გამოც
260 _aთბილისი
260 _bტექნიკური უნ–ტი
260 _c2009
300 _a319 გვ. 20 სმ.
541 _h20 ლ.
653 _aამოცანაღა კრებული
653 _aმათემატიკა; გეომეტრია;
942 _cBK
999 _c35885
_d35885